| 000 | 00379nam a22001577a 4500 | ||
|---|---|---|---|
| 003 | OSt | ||
| 005 | 20241213121046.0 | ||
| 008 | 241213b |||||||| |||| 00| 0 eng d | ||
| 020 | _a978-93-81771-59-4 | ||
| 040 | _cIIMT UNVIERSITY | ||
| 100 | _aGANDHI, JASPREET | ||
| 245 | _aBLOOMING BUDS | ||
| 260 |
_aDELHI _bSAVERA PUBLISHING HOUSE _c2024 |
||
| 300 | _a100 | ||
| 942 |
_2ddc _c09 |
||
| 999 |
_c64909 _d64909 |
||